Communes au nom commun - Mort Subite #8 - Statistiques

Statistiques générales
  • Ce quiz a été pris 18 fois
  • Le résultat moyen est 12 sur 20
Answers on the Grid
Answers color-coded by a green-red scale on the quiz's grid according to % correct below.
Goyave
Houx
Lys
Avoine
Cassis
Choux
Fèves
Gland
Chanterelle
Coings
Girolles
Mûres
Cerisiers
Genêts
Pruniers
Pommiers
Ormes
Racines
Taillis
Buisson
Betteraves
Rutabaga
Topinambours
Citronniers
Amanite
Kumquat
Cacaotiers
Ginseng
Séquoias
Myrtilles
 
Statistiques - réponses
Réponse % Correct
Bouches-du-Rhône (13) Cassis
100%
Aube (10) / Eure (27) / Loiret (45) / Marne (51) / Saône-et-Loire (71) Ormes
83%
Haute-Savoie (74) Mûres
78%
Vaucluse (84) Buisson
72%
Manche (50) Genêts
72%
Aisne (02) / Yonne (89) Gland
67%
Indre-et-Loire (37) / Orne (61) Avoine
61%
Eure-et-Loir (28) Houx
61%
Indre (36) Pruniers
61%
Aube (10) Racines
61%
Indre (36) Coings
56%
Moselle (57) Fèves
56%
Nièvre (58) / Pyrénées-Atlantiques (64) Lys
56%
Aisne (02) / Gard (30) / Indre (36) / Rhône (69) Pommiers
56%
Ille-et-Vilaine (35) Taillis
50%
Yonne (89) Cerisiers
44%
Cantal (15) Chanterelle
39%
Jura (39) Choux
39%
Loiret (45) / Yonne (89) Girolles
39%
Guadeloupe (971) Goyave
22%
Aucun quiz correspondant
Distribution des résultats
% des personnes avec chaque résultat
Percentile par nombre de réponses
Votre historique - résultats
Vous n’avez pas pris ce quiz